| 000 | 00912 a2200193 4500 | ||
|---|---|---|---|
| 001 | 33385 | ||
| 005 | 20260407155626.0 | ||
| 008 | 260407a1971 arg spa d | ||
| 003 | AR-UNSa-BCEJYS | ||
| 040 |
_aAR-UNSa-BCEJYS _bspa _cAR-UNSa-BCEJYS |
||
| 080 |
_a658.01 _xMetodología. Teoría y práctica de la organización( teoria de la organización, análisis organizacional...) |
||
| 245 | 1 | 0 |
_aEl staff _pcomo progresar y reorganizar |
| 264 | 1 |
_aMéxico : _bLimusa _c1971 |
|
| 300 |
_a181 p. _c18 cm. |
||
| 505 | _a1. Tendencias modernas - 2. En qué consiste el trabajo del staff - 3. Desarrollo de la dirección - 4. Planificación e implementación de la organización - 5. Planificación directiva - 6. El experto en organización del conjunto de la empresa - 7. Asesoramiento del ejecutivo - 8. El futuro del staff. | ||
| 942 | _cBK | ||
| 590 | _aniveau_biblio:m niveau_hierar:0 | ||
| 100 | 1 | _aRichaman, C. | |
| 999 |
_c2345 _d2345 |
||